PTG interactive's training course for Red Hat Linux
Αποθηκεύτηκε σε:
| Κύριος συγγραφέας: | |
|---|---|
| Μορφή: | Ηλεκτρονική πηγή |
| Γλώσσα: | English |
| Δημοσίευση: |
Upper Saddle River, N.J. :
Prentice Hall,
c2002.
|
| Θέματα: | |
| Ετικέτες: |
Προσθήκη ετικέτας
Δεν υπάρχουν, Καταχωρήστε ετικέτα πρώτοι!
|
MARC
| LEADER | 00000cmm a2200000 i 4500 | ||
|---|---|---|---|
| 001 | 1/32687 | ||
| 008 | 060724s2002 nju | | | eng|| | ||
| 020 | |a 013034799X | ||
| 035 | |l 10084743 | ||
| 040 | |a GR-MyUa |b gre |e AACR2 | ||
| 041 | 0 | |a eng | |
| 082 | 7 | |a 005.446 |2 (22) | |
| 100 | 1 | |a Komarinski, Mark |q (Mark F.) | |
| 245 | 1 | 0 | |a PTG interactive's training course for Red Hat Linux |h [αρχείο Η/Υ] / |c by Mark Komarinski. |
| 246 | 1 | |i Άλλες παραλλαγές του τίτλου: |a Red Hat Linux | |
| 260 | |a Upper Saddle River, N.J. : |b Prentice Hall, |c c2002. | ||
| 300 | |a 2 οπτικές δισκέτες λέιζερ Η/Υ (4 3/4 ίν.) : |b με ήχ. έγχρ. ; |c 4 3/4 ίν. + |e 1 βιβλίο ασκήσεων (200 σ. ; 24 εκ.) | ||
| 500 | |a Τίτλος από την επιφάνεια του cdrom. | ||
| 505 | 8 | |a CDROM 1. Installation -- CDROM 2. Training course. | |
| 538 | |a Απαιτήσεις συστήματος: For windows: 300 MHz processor or higher Windows 95/98/NT 4.X/2000/XP IE5.5 (included); For Linux: Red Hat Linux 6.2 or Higher Netscape 4.76 (not included); Hardware requirements: 32 MB disk space/64 MB RAM CD-ROM drive and sound card support. | ||
| 630 | 0 | 0 | |a Linux. |
| 650 | 0 | |a Operating systems (Computers) |x Interactive multimedia. | |
| 852 | |a INST |b SYROS |c AV |e 20201002 |h 005.46 KOM |p 005500004766 |q 005500004766 |t CDROM |v cdrom .supplement: |y 23 | ||
| 852 | |a INST |b SYROS |c AV |e 20201002 |h 005.46 KOM |p 005500004767 |q 005500004767 |t CDROM |v cdrom .2: |y 23 | ||
| 852 | |a INST |b SYROS |c AV |e 20201002 |h 005.46 KOM |p 005500004768 |q 005500004768 |t CDROM |v cdrom .1: |y 23 | ||
| 853 | |a INST |b SYROS |c AV |h 005.46 KOM | ||
| 901 | |a BIBL5-2006-1 | ||
| 920 | |a ΔΙΕΥΡΥΝΣΗ |b ΕΠΕΑΕΚ-ΤΜΣΠΣ |y Σύρος |z 2004-10 | ||
| 970 | |a Κοντού |b Παρασκευή |z 24/07/2006 | ||